Ihmisten Nimiä Pääkaupunkien Nimissä - Suomi 1# - Statistics

Yleistilastot
  • Tätä visaa on pelattu 296 kertaa
  • Keskiarvotulos 6 / 12
Vastaustilastot
Nimi Pääkaupunki % Oikein
Niko Nikosia
77%
Jere Jerevan
64%
Stina Pristina
64%
Sara Sarajevo
64%
Asta Astana
60%
Aku Baku
60%
Ville Libreville
51%
Inga Singapore
38%
Elmo Belmopan
35%
Elli Wellington
23%
Pia Apia
20%
Ansa San Salvador
9%
Ehtoja vastaavia visoja ei löytynyt
Tulosjakauma
Jokaisen tuloksen saaneiden osuus
Persentiili vastausten määrän mukaan
Tuloshistoriasi
Et ole pelannut tätä visaa